000 00538nam a2200193Ia 4500
003 OSt
005 20221007082809.0
006 a|||||r|||| 00| 0
007 ta
008 221006b |||||||| |||| 00| 0 eng d
024 _a22,732
037 _cDissertations
040 _aFLL
_cFLL
_beng
041 _2eng
_aeng
100 _aDangaa E.
_9699493
245 0 _aA comparative study right to life and personal liberty under the Indian and Mongolian constitutions.
942 _cDIS
_2CC
999 _c1167756
_d1167756